Billy Joel Lyrics Quiz (Part 16) - Statistics

General Stats
  • This quiz has been taken 107 times
  • The average score is 87 of 195
Answer Stats
Answer % Correct
I
99%
a
91%
A
91%
the
85%
you
83%
me
73%
and
71%
to
71%
in
67%
go
66%
when
66%
it
63%
is
60%
my
59%
she
59%
all
56%
do
56%
so
56%
So
56%
You’re
56%
no
55%
Of
52%
why
52%
Why
52%
why,
52%
for
49%
that
46%
what
46%
are
44%
her
44%
I’m
40%
It’s
40%
it’s
40%
But
39%
but
39%
not
39%
best
38%
want
38%
know
37%
Oh,
37%
Oh
37%
world
37%
Tell
35%
tell
35%
this
34%
up
32%
feel
30%
say,
30%
say
30%
way
30%
did,
29%
did
29%
man
29%
need
29%
need,
29%
place
29%
now
28%
day
26%
never
26%
would
26%
last
24%
people
24%
cry,
21%
cry
21%
hard
21%
make
21%
die,
20%
die
20%
Judy
20%
been?
18%
thought
18%
‘Cause
17%
friend
17%
live
17%
more
17%
much
16%
wrong
16%
end
15%
age
13%
before,
13%
before
13%
old?
13%
where’ve
13%
asked
12%
dream
12%
There’s
12%
Things
12%
very
12%
through
11%
young,
11%
scene
10%
changed:
9%
goodbye
9%
hang
9%
past
9%
told
9%
tomorrow,
7%
No matching quizzes found
Score Distribution
Percent of People with Each Score
Percentile by Number Answered
Your Score History
You have not taken this quiz